[Event "POL-ch (Women)"]
[Site "Brzeg Dolny"]
[Date "1996.??.??"]
[Round "2"]
[White "Guzkowska, Magdalena"]
[Black "Romaszko, Sylwia"]
[Result "1-0"]
[WhiteElo "2235"]
[BlackElo "2050"]
[PlyCount "91"]
[EventDate "1996.??.??"]
[Source "www.chesslib.no"]
[SourceDate "2004.05.04"]

1. d4 f5 2. c4 Nf6 3. g3 g6 4. Bg2 Bg7 5. Nc3 O-O 6. Bg5 d6 7. h4 Nc6 8. Nf3 h6 9. Bxf6 Bxf6 10. Qd2 Bg7 11. O-O-O a6 12. Nd5 e5 13. dxe5 dxe5 14. e4 Nd4 15. Nxd4 exd4 16. Nf4 Kh7 17. h5 g5 18. Ng6 Rf7 19. e5 c5 20. Bd5 Rd7 21. e6 Rd6 22. e7 Qe8 23. Rhe1 Bd7 24. Qd3 Rb8 25. g4 Rxd5 26. cxd5 c4 27. Qf3 fxg4 28. Qe4 Kg8 29. d6 Qf7 30. Ne5 Bxe5 31. Qxe5 d3 32. Qe4 b5 33. Qg6+ Qxg6 34. hxg6 Kg7 35. Re5 Kxg6 36. Rde1 Kf7 37. Rc5 Rb6 38. Rc8 Be8 39. Rd8 Rb7 40. Re5 Rd7 41. Kd2 a5 42. Rf5+ Ke6 43. Rxe8 Rxd6 44. Rd8 Kxe7 45. Rxd6 Kxd6 46. Rxb5 1-0

[Event "21st Open, Bratto ITA"]
[Site "?"]
[Date "2001.??.??"]
[Round "8"]
[White "Griffa, R."]
[Black "Salami, M."]
[Result "0-1"]
[WhiteElo "2080"]
[BlackElo "2195"]
[PlyCount "78"]
[EventDate "2001.??.??"]
[Source "www.chesslib.no"]
[SourceDate "2004.05.04"]

1. d4 f5 2. c4 Nf6 3. g3 g6 4. Bg2 Bg7 5. Nh3 d6 6. d5 c6 7. Nc3 e5 8. dxe6 Bxe6 9. Qd3 Na6 10. O-O Nc5 11. Qe3 Ng4 12. Qd2 Bxc4 13. Rd1 d5 14. b3 Ba6 15. f3 Ne5 16. Qe3 d4 17. Qf2 Qa5 18. Na4 Nxa4 19. bxa4 Qxa4 20. Bb2 c5 21. Nf4 Nc4 22. Nd3 Nxb2 23. Nxb2 Qa3 24. Nd3 O-O 25. f4 Rfe8 26. Qf3 Rad8 27. Rac1 Re3 28. Qf1 c4 29. Ne1 Qxa2 30. Nc2 Ree8 31. Nb4 Qa5 32. Nxa6 Qxa6 33. Ra1 Qe6 34. Bf3 d3 35. exd3 Bxa1 36. dxc4 Qe3+ 37. Kg2 Rxd1 38. Qxd1 Bd4 39. Bd5+ Kg7 0-1

[Event "300 Years women"]
[Site "?"]
[Date "2003.10.23"]
[Round "6"]
[White "Idrisova Roza"]
[Black "Kolmakova Maria"]
[Result "0-1"]
[WhiteElo "2103"]
[BlackElo "2149"]
[PlyCount "128"]
[EventDate "2003.??.??"]
[Source "www.chesslib.no"]
[SourceDate "2004.05.04"]

1. d4 f5 2. c4 Nf6 3. g3 g6 4. Bg2 Bg7 5. Nc3 O-O 6. Nh3 d6 7. d5 c6 8. O-O e5 9. dxe6 Bxe6 10. Qd3 Ng4 11. b3 Na6 12. Bg5 Qc7 13. Rad1 Rfe8 14. Bf4 Ne5 15. Qd2 Rad8 16. Bh6 Nc5 17. Bxg7 Qxg7 18. Ng5 Bc8 19. Rfe1 Qf6 20. Nf3 Ng4 21. Qd4 Qf8 22. e4 f4 23. Qd2 fxg3 24. hxg3 Qf6 25. Qd4 Qf8 26. Nh2 Nxh2 27. Kxh2 Bg4 28. Rd2 Qh6+ 29. Kg1 Ne6 30. Qe3 Qh5 31. f3 Bh3 32. Nd1 Ng5 33. Nf2 Bc8 34. f4 Ne6 35. Bf3 Qh6 36. Red1 Qf8 37. Kg2 c5 38. e5 Nd4 39. Bd5+ Kg7 40. Rh1 Nf5 41. Qc3 Nd4 42. exd6 Rxd6 43. b4 b6 44. bxc5 bxc5 45. Nd3 Re3 46. Qa1 Rxd5 47. cxd5 Qf5 48. Nxc5 Qxd5+ 49. Kh2 Qh5+ 50. Kg1 Rxg3+ 51. Rg2 Rxg2+ 52. Kxg2 Qf3+ 53. Kg1 Qg3+ 54. Kf1 Bh3+ 55. Rxh3 Qxh3+ 56. Kg1 Qg3+ 57. Kh1 Qf3+ 58. Kg1 Qg4+ 59. Kf2 Qxf4+ 60. Kg1 Qg5+ 61. Kh1 Qxc5 62. Qb2 Qh5+ 63. Kg1 Qd1+ 64. Kf2 Qc2+ 0-1

[Event "Tenerife-ch"]
[Site "?"]
[Date "2003.02.20"]
[Round "1.11"]
[White "Crespo Raimundo Francisco"]
[Black "Martin Luis Cesar"]
[Result "1-0"]
[WhiteElo "2191"]
[BlackElo "2058"]
[PlyCount "101"]
[EventDate "2003.??.??"]
[Source "www.chesslib.no"]
[SourceDate "2004.05.04"]

1. d4 f5 2. c4 Nf6 3. g3 g6 4. b3 Bg7 5. Bb2 O-O 6. Bg2 c5 7. e3 d6 8. Ne2 Nc6 9. O-O Qe8 10. Nbc3 e5 11. Nb5 Qe7 12. dxc5 dxc5 13. Qd6 Qf7 14. Qxc5 Rd8 15. Rad1 Be6 16. Bxc6 bxc6 17. Qxc6 Ne8 18. Nd6 Nxd6 19. Rxd6 Rac8 20. Qa6 Re8 21. Rfd1 f4 22. Rxe6 Qxe6 23. Qxe6+ Rxe6 24. exf4 exf4 25. Nxf4 Ra6 26. Bxg7 Kxg7 27. Rd2 Re8 28. Nd5 Re1+ 29. Kg2 Ra1 30. a4 Rb1 31. Rd3 Re6 32. b4 Rb2 33. b5 Ree2 34. Kf3 Rxf2+ 35. Ke4 Rxh2 36. c5 h5 37. c6 h4 38. c7 Rhe2+ 39. Kd4 Re8 40. gxh4 Rc8 41. Rc3 Kf7 42. Rc6 Rh2 43. b6 axb6 44. Nxb6 Rxh4+ 45. Kc5 Rhh8 46. Nxc8 Rxc8 47. Kb6 Ke7 48. Rxg6 Kd7 49. Rc6 Ra8 50. Rc4 Kc8 51. Rd4 1-0